Normal view
MARC view
- OPTICAL COMMUNICATION SYSTEMS FIBER OPTICS
Entry Topical Term
001 - CONTROL NUMBER
- control field: 78309
003 - CONTROL NUMBER IDENTIFIER
- control field: NUST
005 - DATE AND TIME OF LATEST TRANSACTION
- control field: 20210628210140.0
008 - FIXED-LENGTH DATA ELEMENTS
- fixed length control field: 210628|| aca||aabn | a|a d
040 ## - CATALOGING SOURCE
- Original cataloging agency: NUST
- Transcribing agency: NUST
150 ## - HEADING--TOPICAL TERM
- Topical term or geographic name entry element: OPTICAL COMMUNICATION SYSTEMS FIBER OPTICS
670 ## - SOURCE DATA FOUND
- Source citation: Work cat.: (NUST): Powers, John 78308, An introduction to fiber optics systems, 1999
